| 000 | 00568nam a2200169 a 4500 | ||
|---|---|---|---|
| 001 | 000040751 | ||
| 005 | 20201002034343.0 | ||
| 008 | 130905s2006 sp 000 0 spa d | ||
| 020 | _a9788484892649 | ||
| 040 |
_aDO-SdBNP _bspa _cBNPHU |
||
| 100 | 1 |
_aCervera Salinas, Vicente _967159 |
|
| 245 | 1 | 3 |
_aEl Síndrome de Beatriz en la literatura hispanoamericana / _cVicente Cervera Salinas. |
| 260 |
_aMadrid : _bEdiciones de Iberoaméricana, _c2006. |
||
| 300 |
_a386 p. ; _c23 cm. |
||
| 500 | _aIncluye notas al pie de las páginas | ||
| 504 | _aBibliografía : p. 371-386 | ||
| 999 |
_c40241 _d40241 |
||